Perfect tables : tabletop secrets, settings and centrepieces for delicious dining

Bibliographic Details
Main Author: Yeoward, William
Other Authors: Main, Ray
Format: Book
Published: London : Cico Books , 2006
Subjects:

MARC

LEADER 00000cam a2200000 7i4500
001 0000111421
005 20070718.0
020 |a 1904991521 
090 0 0 |a 642.6   |b YEO 
100 1 |a Yeoward, William 
245 1 0 |a Perfect tables :   |b tabletop secrets, settings and centrepieces for delicious dining   |c William Yeoward ; photography by Ray Main 
260 |a London :   |b Cico Books ,   |c 2006 
300 |a 160p. ;   |c 29cm. 
650 0 0 |a Entertaining 
650 0 0 |a Table setting and decoration 
700 1 |a Main, Ray 
999 |a 00204894   |b BUKU   |c RUJUKAN   |e PERPUSTAKAAN KOMUNITI PETALING JAYA